Overcoming depression, 3rd edition / (Record no. 344144)
[ view plain ]
| 000 -LEADER | |
|---|---|
| fixed length control field | 01399 a2200205 4500 |
| 020 ## - INTERNATIONAL STANDARD BOOK NUMBER | |
| International Standard Book Number | 0060927828 |
| 020 ## - INTERNATIONAL STANDARD BOOK NUMBER | |
| International Standard Book Number | 9780060927820 |
| 082 04 - DEWEY DECIMAL CLASSIFICATION NUMBER | |
| Classification number | 616.8527 |
| 090 ## - LOCALLY ASSIGNED LC-TYPE CALL NUMBER (OCLC); LOCAL CALL NUMBER (RLIN) | |
| -- | 1628 |
| -- | 1628 |
| 100 1# - MAIN ENTRY--PERSONAL NAME | |
| Personal name | Papolos, Demitri. |
| 245 10 - TITLE STATEMENT | |
| Title | Overcoming depression, 3rd edition / |
| Statement of responsibility, etc. | Demitri Papolos. |
| 250 ## - EDITION STATEMENT | |
| Edition statement | 3 Sub ed. |
| 260 ## - PUBLICATION, DISTRIBUTION, ETC. | |
| Place of publication, distribution, etc. | [S.l.] : |
| Name of publisher, distributor, etc. | Harper Paperbacks, |
| Date of publication, distribution, etc. | 1997. |
| 300 ## - PHYSICAL DESCRIPTION | |
| Extent | 432 p. ; |
| Dimensions | 21 cm. |
| 500 ## - GENERAL NOTE | |
| General note | Paperback. |
| 520 ## - SUMMARY, ETC. | |
| Summary, etc. | More than 20 million Americans will suffer an episode of depression or mania during their lifetimes, and one in five American families will feel its impact directly. For these families, Overcoming Depression is the essential resource. Since its first publication in 1987, it has become the book most often recommended by doctors to their depressed patients because it clearly and sympathetically presents state-of-the-art medical information and the solid, practical advice that patients and their families need to participate actively in diagnosis and treatment. Now featuring all-new data on the latest drugs, research, treatment, and medical insurance, it also includes a frank discussion of psychiatric therapy in the era of managed care. |
| 856 40 - ELECTRONIC LOCATION AND ACCESS | |
| Materials specified | Amazon.com |
| Uniform Resource Identifier | <a href="http://www.amazon.com/exec/obidos/ASIN/0060927828/chopaconline-20">http://www.amazon.com/exec/obidos/ASIN/0060927828/chopaconline-20</a> |
| 856 40 - ELECTRONIC LOCATION AND ACCESS | |
| Materials specified | Amazon customer reviews |
| Uniform Resource Identifier | <a href="http://www.chopac.org/cgi-bin/tools/azrev.pl?q=0060927828">http://www.chopac.org/cgi-bin/tools/azrev.pl?q=0060927828</a> |
| 942 ## - ADDED ENTRY ELEMENTS (KOHA) | |
| Institution code [OBSOLETE] | NBS |
| Koha item type | Book |
| Call number prefix | 616.8527 PAP |
| Withdrawn status | Lost status | Damaged status | Not for loan | Permanent Location | Current Location | Date acquired | Total Checkouts | Total Renewals | Full call number | Barcode | Date last seen | Date last checked out | Price effective from | Koha item type | Public note |
|---|---|---|---|---|---|---|---|---|---|---|---|---|---|---|---|
| Central Library (CL) | Central Library (CL) | 08/28/2013 | 3 | 5 | 616.8527 PAP | NBS743 | 10/14/2023 | 08/04/2022 | 08/28/2013 | Book | No. 0908/NBS/IRC Dated: 12 June, 2012 |
